Kozak (Record no. 3064)
[ view plain ]
| 000 -BAŞLIK | |
|---|---|
| Sabit Uzunlukta Kontrol Alanı | 00905na a2200277 4500 |
| 001 - KONTROL NUMARASI | |
| Denetim Alanı | 17051 |
| 003 - KONTROL NUMARASI IDENTIFIER | |
| Denetim Alanı | MIRAKIL |
| 005 - SON İŞLEM TARİHİ VE ZAMANI | |
| Denetim Alanı | 20181213154918.0 |
| 008 - SABİT-BOY VERİ ELEMANLARI - GENEL BİLGİLER | |
| Sabit Uzunlukta Kontrol Alanı | 161021b tu 000 0 |
| 020 ## - ULUSLARARASI STANDART KİTAP NUMARASI | |
| Uluslararası Standart Kitap Numarası | 9789759773748 |
| 040 ## - KATALOGLAMA KAYNAK | |
| Orijinal Kataloglama Ajansı | Milas |
| Kataloglama Dili | tur |
| Metne Dönüştürmek Ajansı | TR-AnCHP |
| 041 ## - DİL KODU | |
| Metin / Ses Parça Veya Ayrı Başlığın Dil Kodu | tur |
| 082 ## - DEWEY ONLU SINIFLANDIRMA NUMARASI | |
| Sınıflandırma Numarası | 915.0456211 |
| Ürün Numarası | A75k 2010 |
| 090 ## - SINIFLAMA NUMARASI | |
| Sınıflama Numarası | 915.0456211 A75k 2010 |
| 100 ## - ANA GİRİŞ - KİŞİSEL İSİM | |
| Kişisel Ad | Atilla, A. Nedim |
| 245 ## - BAŞLIK TABLOSU | |
| Başlık | Kozak |
| Başlığın Kalan | Çam fıstığından yemeklerine... bir yaylanın öyküsü |
| Sorumluluk Tablosu, Vb | A. Nedim Atilla, Nezih Öztüre |
| 246 ## - UNVAN FORM VARYING | |
| Başlık Doğru / Kısa Başlığı | Çam fıstığından yemeklerine... bir yaylanın öyküsü |
| 260 ## - YAYIN, DAĞITIM, VB | |
| Yayın, Dağıtım, Vb Yeri | İzmir |
| Yayıncı, Dağıtıcı, Vs Adı | Öztüre Kültür yayınları |
| Yayın, Dağıtım, Vb Tarihi | 2010 |
| 300 ## - FİZİKSEL TANIM | |
| Kapsam | 109 s. |
| Diğer Fiziksel Ayrıntıları | fotğ. |
| Boyutlar | 23x23 sm. |
| 490 ## - SERİSİ TABLOSU | |
| Seri Beyanı | Öztüre Kültür Yayınları |
| Hacim / Ardışık Tanımı | 10 |
| 500 ## - GENEL NOT | |
| Genel Not | Yapıt yazarından imzalıdır. |
| 650 ## - KONU KATMA GİRİŞ - TOPİKAL DÖNEM | |
| Topikal Süreli Veya Coğrafi Ad Giriş Elemanı | Seyahat |
| Genel Alt Bölümü | Tanıtım |
| 651 ## - KONU KATMA GİRİŞ - COĞRAFİ ADI | |
| Coğrafi İsim | İzmir |
| Genel Alt Bölümü | Kozak Yaylası |
| Kronolojik Alt Bölümü | Tanıtım |
| 700 ## - KATMA GİRİŞ - KİŞİSEL İSİM | |
| Kişisel Ad | Öztüre, Nezih |
| 942 ## - EKLENDİ GİRİŞ ELEMANLARI (KOHA) | |
| Sınıflandırma Veya Raf Düzeni Kaynak | Dewey Decimal Classification |
| Koha Öğesi Türü | Books |
| 999 ## - SİSTEM KONTROL NUMARALARI (KOHA) | |
| Koha Biblionumber | 3064 |
| Koha Biblioitemnumber | 3064 |
| Kalıcı Konum | Mevcut Konum | Edinme Tarihi | Edinim Kaynak | Toplam Check-Out'Lar | Tam Çağrı Numarası | Barkod | Tarih Son Görülme | İtibaren Geçerli Fiyatlar | Koha Öğesi Türü |
|---|---|---|---|---|---|---|---|---|---|
| CHP Kütüphanesi | CHP Kütüphanesi | 10/21/2016 | Bağış | 915.0456211 A75k 2010 | 005857 | 10/21/2016 | 10/21/2016 | Books |
